| 000 | 00446pab a2200157 454500 | ||
|---|---|---|---|
| 008 | 180718b1998 xxu||||| |||| 00| 0 eng d | ||
| 100 | _aBillis, David | ||
| 245 | _aHuman services and the voluntary sector: towards a theory of comparative advantage | ||
| 260 | _c1998 | ||
| 300 | _ap.71-98 | ||
| 362 | _aJan | ||
| 650 | _aNongovernmental organizations | ||
| 700 | _aGlennerster, Howard | ||
| 773 | _aJournal of Social Policy | ||
| 909 | _a37958 | ||
| 999 |
_c37958 _d37958 |
||